00286nam a2200121Ia 4500003000400000005001700004008004100021020001800062040002000080100001700100245002000117260002700137OSt20231226102737.0170524s9999 xx 000 0 und d a9788126126651 cIIMT UNIVERSITY aSHAMSHI- N A 0aMEDIA REPORTING bANMOL PUB. : NEW DELHI